• 首页
  • 本馆介绍
  • 公告通知
  • 最新文献
  • 馆藏检索
  • 电子资源
  • 读者导购
  • 参考咨询
  • 我的图书馆
  • 登录
  • 详细信息显示
  • 放入我的书架
  • 预约/预借图书
  • 作者相关作品
  • 分类相关作品
  • 丛书相关作品
  • 出版社相关作品

书目信息

  • 表格格式
  • 工作单格式
  • 卡片格式
题名:
清代中叶的白莲教起义
    
 
作者: 夏家骏 编著
分册:  
出版信息: 北京   中华书局  1974
页数: 51页
开本: 18cm
丛书名: 历史知识读物
单 册:
中图分类: K249.201
科图分类:
主题词: 白莲教起义
电子资源:
ISBN: 11018.649
000 00709oam2 2200253 450
001 002683490
005 20130329124538.0
010    @a11018.649@dCNY0.12
091    @a11018.649@dCNY0.12
100    @a20130329d1974 em y0chiy0110 ea
101 0  @achi
102    @aCN@b110000
105    @aa z 000yy
106    @ar
200 1  @a清代中叶的白莲教起义@9Qing Dai Zhong Ye;Xie De;Di Bai Lian Jiao Qi Yi @f夏家骏编著
210    @a北京@c中华书局@d1974
215    @a51页@c图@d18cm
225 2  @a历史知识读物
461  0 @12001 @a历史知识读物
606 0  @a白莲教起义
690    @aK249.201@v4
701  0 @a夏家骏@9xia jia jun@4编著
801  0 @aCN@bAzMarc@c20130904
905    @aBZT@dK249.201@e1@f2@sK249.201/1
    
    清代中叶的白莲教起义/夏家骏编著.-北京:中华书局,1974
    51页:图;18cm.-(历史知识读物)
    
    
    ISBN 11018.649:CNY0.12
    
●
相关链接 在五车中查询图书 在当当中查询图书 在豆瓣中查询图书


正题名:清代中叶的白莲教起义     索取号:K249.201/1         预约/预借

序号 登录号 条形码 馆藏地/架位号 状态 备注
1 2000079415   2000079415   旧书回溯/ [索取号:K249.201/1] 在馆    
2 2000083301   2000083301   旧书回溯/ [索取号:K249.201/1] 在馆    
山东省滨州职业学院图书馆 欢迎您!
大连网信软件有限公司© 版权所有